000 00883nam a22002897i 4500
003 EG-GICUC
005 20260316113158.0
008 260316b2006 ua ||||fr|||| 00| 0 eng d
020 _a9770450073
040 _aEG-GiCUC
_beng
_cEG-GiCUC
_dEG-GiCUC
_erda
082 0 4 _221
_a341
092 0 4 _221
099 _aLaw 12 2006
100 1 _aAbdel Wahab, Mohamed S.
245 _aEssays on the general principles of private international law /
_cby Mohamed S. Abdel Wahab.
250 _a1st edition.
264 _a[Cairo] :
_b[N. L.]
_c2006.
300 _a153 pages ;
_c26 cm
336 _2rda content
_atext
337 _2rda media
_aComputer
338 _2rda carrier
_aOnline Resource
650 0 _aPrivate international law.
650 0 _aConflict of laws.
856 4 0 _uhttps://fll.law.cu.edu.eg/fulltext/bks/ENGB12-00098.pdf
905 _a10
942 _2ddc
_cBK
_e21
_n0
999 _c66373
_d66373